Cases in comparative politics
Cases in Comparative Politics, Third Edition, is a set of thirteen country studies that describe politics in the United Kingdom, the United States, France, Germany, Japan, Russia, China, India, Iran, Brazil, Mexico, South Africa, and Nigeria. This casebook applies the conceptual framework developed...
Guardat en:
| Autor principal: | |
|---|---|
| Altres autors: | |
| Idioma: | Undetermined English |
| Publicat: |
New York
W. W. Norton & Co.
2010
|
| Matèries: | |
| Etiquetes: |
Afegir etiqueta
Sense etiquetes, Sigues el primer a etiquetar aquest registre!
|
| Thư viện lưu trữ: | Trung tâm Học liệu Trường Đại học Trà Vinh |
|---|
| LEADER | 01199nam a2200277Ia 4500 | ||
|---|---|---|---|
| 001 | TVU_20005 | ||
| 008 | 210423s9999 xx 000 0 und d | ||
| 020 | |a 0393933776 | ||
| 020 | |a 9780393933772 | ||
| 041 | |a eng | ||
| 082 | |a 320.3 | ||
| 082 | |b O-430 | ||
| 100 | |a O'Neil, Patrick H. | ||
| 245 | 0 | |a Cases in comparative politics | |
| 245 | 0 | |c Patrick H. O'Neil, Karl Fields, and Don Share | |
| 260 | |a New York | ||
| 260 | |b W. W. Norton & Co. | ||
| 260 | |c 2010 | ||
| 300 | |a xxiv, 731, A-43 p. | ||
| 300 | |b ill. (some col.) | ||
| 300 | |c 24 cm | ||
| 504 | |a Includes bibliographical references and index | ||
| 520 | |a Cases in Comparative Politics, Third Edition, is a set of thirteen country studies that describe politics in the United Kingdom, the United States, France, Germany, Japan, Russia, China, India, Iran, Brazil, Mexico, South Africa, and Nigeria. This casebook applies the conceptual framework developed in the text across countries with a consistent organization that facilitates comparison and aids understanding | ||
| 650 | |a Comparative government | ||
| 700 | |a Patrick H. O'Neil; Karl Fields; and Don Share | ||
| 980 | |a Trung tâm Học liệu Trường Đại học Trà Vinh | ||


